LEADER 01302nam 2200385 450 001 9910330958503321 005 20230817181254.0 010 $a1-905824-63-7 035 $a(CKB)4100000008735919 035 $a(WaSeSS)IndRDA00123292 035 $a(EXLCZ)994100000008735919 100 $a20200520d2019 uy 0 101 0 $aeng 135 $aur||||||||||| 181 $ctxt$2rdacontent 182 $cc$2rdamedia 183 $acr$2rdacarrier 200 10$a2019 IST-Africa Week Conference $e8-10 May 2019, Nairobi, Kenya /$fInstitute of Electrical and Electronics Engineers 210 1$aPiscataway, New Jersey :$cInstitute of Electrical and Electronics Engineers,$d2019. 215 $a1 online resource (76 pages) 311 $a1-7281-2673-8 606 $aInformation technology$zAfrica$vCongresses 606 $aComputer networks$zAfrica$vCongresses 606 $aTelecommunication systems$zAfrica$vCongresses 615 0$aInformation technology 615 0$aComputer networks 615 0$aTelecommunication systems 676 $a338.9607 712 02$aInstitute of Electrical and Electronics Engineers, 801 0$bWaSeSS 801 1$bWaSeSS 906 $aPROCEEDING 912 $a9910330958503321 996 $a2019 IST-Africa Week Conference$92539929 997 $aUNINA LEADER 02285nam0 22003491i 450 001 UON00185577 005 20250704105013.935 100 $a20030730d1979 |0itac50 ba 101 $aita 102 $aIT 105 $a|||| ||||| 200 1 $aˆLa ‰classe politica nella crisi di partecipazione dell'Italia giolittiana$eLiberali e Radicali alla Camera dei Deputati 1909-1913$fHartmut Ullrich 210 $aRoma$cArchivio Storico$d1979 215 $a1 v. in 3 t. [733 p.]$d24 cm 300 $aIn testa al front.: Camera dei Deputati. Segretariato Generale. 316 $aAltri inv. SO 17828-29$5IT-UONSI III STORIAEURD C/0095/I 606 $aItalia$xPolitica. 1909-1913$3UONC038165$2FI 606 $aPartiti$xItalia 1909-1913$3UONC038164$2FI 620 $aIT$dRoma$3UONL000004 676 $a945.0912$cItalia. Età giolittiana, 1900-1914.$v20 700 1$aUllrich$bHartmut$3UONV107759$0154282 712 $aArchivio Storico. Camera dei Deputati$3UONV265651$4650 801 $aIT$bSOL$c20260410$gRICA 912 $aUON00185577 950 $aSIBA - SISTEMA BIBLIOTECARIO DI ATENEO E ARCHIVIO STORICO$dSI EUR D C 0095/I $eSI LO 17827 5 0095/I Altri inv. SO 17828-29$sBuono 950 $aSIBA - SISTEMA BIBLIOTECARIO DI ATENEO E ARCHIVIO STORICO$dSI EUR D C 0095/II $eSI LO 17828 5 0095/II $sBuono 950 $aSIBA - SISTEMA BIBLIOTECARIO DI ATENEO E ARCHIVIO STORICO$dSI EUR D C 0095/III $eSI LO 17829 5 0095/III $sBuono 950 $aSIBA - SISTEMA BIBLIOTECARIO DI ATENEO E ARCHIVIO STORICO$dSI A 0252/II $eSI SC 26312 5 0252/II 950 $aSIBA - SISTEMA BIBLIOTECARIO DI ATENEO E ARCHIVIO STORICO$dSI A 0252/I $eSI SC 25235 5 0252/I $sBuono 950 $aSIBA - SISTEMA BIBLIOTECARIO DI ATENEO E ARCHIVIO STORICO$dSI A 0252/III $eSI SC 26313 5 0252/III $sBuono 996 $aClasse politica nella crisi di partecipazione dell'Italia giolittiana$9200190 997 $aUNIOR